| 000 | 00952nam a22003257a 4500 | ||
|---|---|---|---|
| 001 | BR9509163 | ||
| 003 | BR-BrBNA | ||
| 005 | 20230928095123.0 | ||
| 007 | ta | ||
| 008 | 230509b bl.||||| |||| 00| 0 por d | ||
| 040 |
_aBR-BrBNA _bpor _cBiblioteca Nacional de Agricultura |
||
| 041 | _a(Por) | ||
| 072 | _aC20 | ||
| 090 | _ C20 BR9509163 | ||
| 100 | 1 | _aKokay, L.F. | |
| 100 | 1 | _aFonteles, A.Z. | |
| 100 | 1 | _aCosta, F.S. da | |
| 100 | 1 | _aRamos, F.S. | |
| 100 | 1 | _aCampos, J.A. | |
| 100 | 1 | _aTeixeira, V.A. | |
| 110 | 1 |
_aSecretaria de Agricultura e Reforma Agraria, Fortaleza, CE (Brasil) _98664 |
|
| 245 | 1 | _aReorientacao dos servicos de assistencia tecnica e extensao rural do estado do Ceara (uma proposta para discussao) | |
| 260 | 3 |
_aFortaleza, CE (Brasil): _c1989. |
|
| 300 | _a39 p. | ||
| 650 | _aExtensao Rural | ||
| 650 | _aAssistencia Tecnica | ||
| 650 | _aCeara | ||
| 909 |
_a202309 _bLucia _c55 _dLucia Elande |
||
| 942 | _cBK | ||
| 999 |
_c54643 _d54643 |
||